"Jó tanuló - jó sportoló"

Elmentve itt :
Bibliográfiai részletek
Dokumentumtípus: Cikk
Megjelent: 1970
Sorozat:Szegedi Egyetem 8 No. 15
Kulcsszavak:Sport - egyetemi, Fogadás, Verseny
Online Access:http://univ.bibl.u-szeged.hu/659
LEADER 00571nab a2200181 i 4500
001 univ659
005 20241204151409.0
008 171213s1970 hu o 000 hun d
022 |a 0230-791X 
040 |a SZTE UnivHistória Repozitórium  |b hun 
041 |a hun 
245 0 0 |a "Jó tanuló - jó sportoló"  |h [elektronikus dokumentum] 
260 |c 1970 
300 |a 6 
490 0 |a Szegedi Egyetem  |v 8 No. 15 
561 |a Egyetemi, hallgatói élet 
695 |a Sport - egyetemi, Fogadás, Verseny 
856 4 0 |u http://univ.bibl.u-szeged.hu/659/1/sze_1970_015_006.pdf  |z Dokumentum-elérés